000 00639nam a2200241Ia 4500
003 OSt
005 20220925214331.0
006 a|||||r|||| 00| 0
007 ta
008 220923b |||||||| |||| 00| 0 eng d
037 _cGeneral Book
040 _aRTL
_cRTL
_beng
041 _2eng
_aeng
082 _aV8:1.N5, J5
100 _aHorsfall J C
_9124942
245 0 _aAustralia
260 _aLondon
_bEarnest Benn
_c1955
300 _a223 p.
_ccm.
490 _aNations of the Modern World
650 _aOther Countries
_9231018
942 _hV8:1.N5, J5
_cGB
_2CC
999 _c565198
_d565198